[Event "Slow standard chess tournament"]
[Site "SchemingMind.com"]
[Date "2010.01.03"]
[Round "-"]
[White "Eden"]
[Black "Manuel Angel"]
[Result "0-1"]
[WhiteCountry "CZE"]
[BlackCountry "ESP"]
[WhiteElo "1478"]
[WhiteRD "77"]
[BlackElo "2240"]
[BlackRD "80"]
[GameID "232876"]

1. e4 e5 2. d3 Nf6 3. a3 Bc5 4. Nc3 h6 5. h4 Nc6 6. f4 d6 7. g3 O-O 8. f5 d5 9. exd5 Nxd5 10. Bd2 Bxf5
11. Bg2 Nxc3 12. Bxc3 Re8 13. Qe2 Nd4 14. Qd2 Bg4 15. h5 Nf5 16. Bxb7 Rb8 17. Bc6 Re6 18. Bf3 Bxf3 19. Nxf3 Qd5 20. Qg2 e4
21. Ne5 Rxe5 22. Bxe5 Qxe5 23. Qxe4 Qxb2 24. Kd2 Be3+ 25. Kd1 Qc3
0-1

[Event "Slow standard chess tournament"]
[Site "SchemingMind.com"]
[Date "2009.12.29"]
[Round "-"]
[White "Eden"]
[Black "NAZRIZ1977"]
[Result "0-1"]
[WhiteCountry "CZE"]
[BlackCountry "WLS"]
[WhiteElo "1453"]
[WhiteRD "73"]
[BlackElo "1905"]
[BlackRD "72"]
[GameID "232877"]

1. e4 c6 2. Bc4 d5 3. exd5 cxd5 4. Bb5+ Nc6 5. Nf3 Qb6 6. a4 Bg4 7. O-O Nf6 8. d3 e6 9. Re1 Bc5 10. Qe2 O-O
11. c3 e5 12. b4 Bd6 13. Nbd2 Rfe8 14. Qf1 e4 15. dxe4 dxe4 16. Bxc6 Qxc6 17. h3 Bxf3 18. gxf3 exf3 19. Bb2 Qd5 20. Red1 Qg5+
21. Kh1 Qf4 22. Qg1 Qh4 23. Nxf3 Qxh3+ 24. Nh2 Qxh2+ 25. Qxh2 Bxh2 26. Kxh2 Re2 27. Bc1 Rxf2+ 28. Kg3 Ne4+ 29. Kg4 g6 30. Ra3 f5+
31. Kh3 Rf3+ 32. Kg2 Rxc3 33. a5 Rac8 34. Rxc3 Nxc3 35. Rd7 Na2 36. Be3 Nxb4 37. Rxb7 Nc6 38. Bxa7 Nxa5 39. Rd7 Nc6 40. Be3 Nd8
41. Bd4 Nf7 42. Kg3 Rd8 43. Rxd8+ Nxd8 44. Kh4 h6 45. Be3 Kg7 46. Bd4+ Kh7 47. Bf6 Ne6 48. Be7 g5+ 49. Kh5 Ng7#
0-1

[Event "Slow standard chess tournament"]
[Site "SchemingMind.com"]
[Date "2010.01.03"]
[Round "-"]
[White "Gary"]
[Black "Eden"]
[Result "0-1"]
[WhiteCountry "ENG"]
[BlackCountry "CZE"]
[WhiteElo "1147"]
[WhiteRD "69"]
[BlackElo "1478"]
[BlackRD "77"]
[GameID "232878"]

1. e4 e5 2. Nf3 a6 3. Bc4 b5 4. Bb3 c5 5. d3 h6 6. O-O g5 7. Nxe5 Qc7 8. Nxf7 Rh7 9. f4 c4 10. dxc4 bxc4
11. Bxc4 Qxc4 12. Nd6+ Bxd6 13. Qxd6 Qxe4 14. Nc3 Qc6 15. Re1+ Ne7
0-1

[Event "Slow standard chess tournament"]
[Site "SchemingMind.com"]
[Date "2009.12.29"]
[Round "-"]
[White "startstek"]
[Black "Eden"]
[Result "1-0"]
[WhiteCountry "ALG"]
[BlackCountry "CZE"]
[WhiteElo "2021"]
[WhiteRD "78"]
[BlackElo "1478"]
[BlackRD "77"]
[GameID "232879"]

1. e4 e5 2. Nf3 Nc6 3. Bb5 Qf6 4. Nc3 Bc5 5. Nd5 Qd6 6. c3 a6 7. Ba4 b5 8. Bb3 Bb7 9. O-O Nh6 10. d4 exd4
11. cxd4 Bb6 12. e5 Qg6 13. Bc2 Qh5 14. Nf4 Qf5 15. Bxf5 Nxf5 16. d5 Ncd4 17. Nxd4 Bxd4 18. g4 Bxf2+ 19. Rxf2 Ne7 20. d6 cxd6
21. exd6
1-0

[Event "Slow standard chess tournament"]
[Site "SchemingMind.com"]
[Date "2009.12.29"]
[Round "-"]
[White "lame wolf"]
[Black "Eden"]
[Result "0-1"]
[WhiteCountry "INT"]
[BlackCountry "CZE"]
[WhiteElo "1052"]
[WhiteRD "44"]
[BlackElo "1448"]
[BlackRD "72"]
[GameID "232880"]

1. b4 e5 2. a3 Qf6 3. Bb2 c5 4. c3 a5 5. e3 axb4 6. axb4 Rxa1 7. Bxa1 cxb4 8. c4 d6 9. d3 Nc6 10. Qb3 Nh6
11. Ne2 Ng4 12. Nd2 Nxf2 13. Rg1 Qh4 14. Nf3 Nxd3+ 15. Kd2 Nc5 16. Nxh4 Nxb3+ 17. Kd3 Nxa1 18. Nc1 g5 19. Nf3 g4 20. Nd2 f5
21. Ncb3 e4+ 22. Ke2 Nxb3 23. Nb1 Be6 24. Kd1 Bh6 25. Ke2 Bxc4+ 26. Kf2 Bxf1 27. Rxf1 d5 28. g3 d4 29. exd4 Ncxd4 30. Rd1 e3+
31. Kg1 Nf3+ 32. Kg2 e2
0-1

[Event "Slow standard chess tournament"]
[Site "SchemingMind.com"]
[Date "2009.12.29"]
[Round "-"]
[White "tiggeronvrb"]
[Black "Eden"]
[Result "1-0"]
[WhiteCountry "SCO"]
[BlackCountry "CZE"]
[WhiteElo "1799"]
[WhiteRD "74"]
[BlackElo "1448"]
[BlackRD "72"]
[GameID "232881"]

1. e4 d6 2. d4 Nd7 3. f4 c5 4. c3 g6 5. Nf3 Bg7 6. Bc4 e6 7. O-O a6 8. a4 h5 9. Be3 b6 10. Nbd2 Nh6
11. h3 Bb7 12. d5 exd5 13. exd5 O-O 14. Qc2 Re8 15. Rae1 Nf5 16. Bf2 Bh6 17. g3 h4 18. g4 Ng3 19. Bxg3 hxg3 20. g5 Bg7
21. Ne4 Nf8 22. Kg2 f6 23. Kxg3 Nh7 24. h4 fxg5 25. hxg5 Kf7 26. Nh4 Qd7 27. Nxg6 Bc8 28. f5 Be5+ 29. Kg4 Rg8 30. Nxe5+ dxe5
31. d6+ Kf8 32. Bxg8 Kxg8 33. g6 Qg7 34. Qb3+ Kf8 35. Qf7+ Qxf7 36. gxf7 Kxf7 37. Rh1 Nf6+ 38. Kg5 Bb7 39. Nxf6 Bxh1 40. Rxh1 Kg7
41. Rh7+ Kf8 42. Kg6 Rd8 43. Rh8#
1-0

[Event "Slow standard chess tournament"]
[Site "SchemingMind.com"]
[Date "2010.01.03"]
[Round "-"]
[White "sentinel"]
[Black "Eden"]
[Result "0-1"]
[WhiteCountry "AUS"]
[BlackCountry "CZE"]
[WhiteElo "1407"]
[WhiteRD "93"]
[BlackElo "1461"]
[BlackRD "76"]
[GameID "232882"]

1. c3 Nf6 2. d4 h6 3. c4 g5 4. c5 Bg7 5. Nf3 O-O 6. Qb3 c6 7. e3 d5 8. Bd3 Nbd7 9. O-O Qc7 10. Bf5 e6
11. Bd3 e5 12. Bf5 e4 13. Nfd2 b6 14. Qd1 bxc5 15. dxc5 Nxc5 16. Bxc8 Raxc8 17. Nc3 h5 18. f3 g4 19. fxg4 Nxg4 20. g3 f5
21. b3 h4 22. Ba3 Qd6 23. Rc1 hxg3 24. Bxc5 Qxc5 25. hxg3 Bxc3 26. Nb1 Qxe3+ 27. Kg2 Be5 28. Rc3 Bxc3
0-1

[Event "Slow standard chess tournament"]
[Site "SchemingMind.com"]
[Date "2010.01.03"]
[Round "-"]
[White "Manuel Angel"]
[Black "Eden"]
[Result "1-0"]
[WhiteCountry "ESP"]
[BlackCountry "CZE"]
[WhiteElo "2102"]
[WhiteRD "80"]
[BlackElo "1448"]
[BlackRD "72"]
[GameID "232883"]

1. e4 e5 2. Nf3 h6 3. Nxe5 Nf6 4. Bc4 Qe7 5. Bxf7+ Kd8 6. d4 Nxe4 7. Bh5 Qf6 8. Nf7+ Ke7 9. Qe2 Qxf2+ 10. Qxf2 Nxf2
11. O-O g6 12. Nxh8 gxh5 13. Rxf2 Bg7 14. Rf7+ Ke6 15. Rxg7
1-0

[Event "Slow standard chess tournament"]
[Site "SchemingMind.com"]
[Date "2009.12.29"]
[Round "-"]
[White "NAZRIZ1977"]
[Black "Eden"]
[Result "1/2-1/2"]
[WhiteCountry "WLS"]
[BlackCountry "CZE"]
[WhiteElo "1936"]
[WhiteRD "96"]
[BlackElo "1448"]
[BlackRD "72"]
[GameID "232884"]

1. c4 c5 2. Nf3 Nc6 3. g3 g6 4. Bg2 Bg7 5. Rg1 a5 6. Nc3 d6 7. d3 h6 8. Be3 Bd7 9. a4 Qb6 10. Qd2 Nf6
11. Nb5 Ng4 12. O-O-O Nxe3 13. Qxe3 Be6 14. Nh4 g5 15. Nf5 Bxf5 16. Rd2 Be5 17. f4 gxf4 18. gxf4 Bf6 19. Nxd6+ Kd7 20. Nxf5 e6
21. d4 Nxd4 22. Nxd4 Bxd4 23. Qe4 Kc7 24. e3 Bf6 25. Rgd1 Rad8 26. Qc2 Rhg8 27. Bf3 Rxd2 28. Rxd2 Qb4 29. Rd3 Rg1+ 30. Bd1 b6
31. e4 h5 32. e5 Bh4 33. Kb1 Rf1 34. Qd2 Qxc4 35. Rd7+ Kc8 36. Qd6 Qe4+ 37. Ka2 Qd5+ 38. Qxd5 exd5 39. Rxd5 Rxf4 40. b3=
1/2-1/2

[Event "Slow standard chess tournament"]
[Site "SchemingMind.com"]
[Date "2009.12.29"]
[Round "-"]
[White "Scooter"]
[Black "startstek"]
[Result "1/2-1/2"]
[WhiteCountry "USA"]
[BlackCountry "ALG"]
[WhiteElo "1767"]
[WhiteRD "61"]
[BlackElo "2021"]
[BlackRD "78"]
[GameID "232888"]

1. d4 Nf6 2. Bf4 g6 3. Nd2 Bg7 4. e3 O-O 5. Bd3 d6 6. h3 b6 7. Ngf3 Bb7 8. O-O Nbd7 9. Re1 e6 10. e4 Ne8
11. c3 e5 12. Bg3 c5 13. d5 a6 14. Bh4 f6 15. b3 b5 16. c4 b4 17. a3 a5 18. axb4 axb4 19. Qc2 Bh6 20. Qb2 Rxa1
21. Rxa1 Qb6 22. Ra4 Nc7 23. Be2 Ra8 24. Qa2 Rxa4 25. Qxa4 Bc8 26. g4 Bxd2 27. Nxd2 g5 28. Bg3 Qa6 29. Qxa6 Bxa6 30. f3 Nf8
31. h4 Ng6 32. h5=
1/2-1/2

[Event "Slow standard chess tournament"]
[Site "SchemingMind.com"]
[Date "2009.12.29"]
[Round "-"]
[White "Scooter"]
[Black "lame wolf"]
[Result "1-0"]
[WhiteCountry "USA"]
[BlackCountry "INT"]
[WhiteElo "1717"]
[WhiteRD "60"]
[BlackElo "1052"]
[BlackRD "44"]
[GameID "232889"]

1. d4 d5 2. Nf3 Qd6 3. Bg5 Nf6 4. Nbd2 Nc6 5. c3 e5 6. e3 e4 7. Ng1 Bg4 8. Be2 Bxe2 9. Nxe2 Be7 10. O-O O-O
11. Bxf6 Qxf6 12. Qb3 b6 13. Qxd5 Qe6 14. Qxe4 Qxe4 15. Nxe4 Nd8 16. Nf4 Nc6 17. Nd5 Rfc8 18. Nxe7+ Nxe7 19. c4 c5 20. d5 Rd8
21. Rfd1 Nf5 22. a3 a6 23. b4 cxb4 24. axb4 b5 25. cxb5 Nd6 26. Nxd6 Rxd6 27. bxa6 f5 28. a7 Kf7 29. f3 Kf6 30. Kf2 Ke5
31. f4+ Ke4 32. Rd4#
1-0

[Event "Slow standard chess tournament"]
[Site "SchemingMind.com"]
[Date "2009.12.29"]
[Round "-"]
[White "Scooter"]
[Black "tiggeronvrb"]
[Result "1-0"]
[WhiteCountry "USA"]
[BlackCountry "SCO"]
[WhiteElo "1717"]
[WhiteRD "60"]
[BlackElo "1799"]
[BlackRD "74"]
[GameID "232890"]

1. d4 d5 2. Nf3 c5 3. e3 Nc6 4. Bb5 a6 5. Bxc6+ bxc6 6. c3 Bg4 7. O-O e6 8. Nbd2 Nf6 9. Qa4 Qb6 10. Ne5 Rc8
11. Nxg4 Nxg4 12. dxc5
1-0

[Event "Slow standard chess tournament"]
[Site "SchemingMind.com"]
[Date "2010.01.03"]
[Round "-"]
[White "Scooter"]
[Black "sentinel"]
[Result "1-0"]
[WhiteCountry "USA"]
[BlackCountry "AUS"]
[WhiteElo "1717"]
[WhiteRD "60"]
[BlackElo "1413"]
[BlackRD "95"]
[GameID "232891"]

1. d4 d5 2. Nf3 f6 3. Bf4 Bf5 4. e3 Nc6 5. Bb5 a6 6. Bxc6+ bxc6 7. O-O Nh6 8. Nbd2 e6 9. Bxh6 gxh6 10. c4 Bd3
11. Re1 Bb4 12. c5 Rg8 13. Qa4 Bxd2 14. Nxd2 Bb5 15. Qc2 f5 16. a4 Qg5 17. g3 Bc4 18. b3 h5 19. bxc4 dxc4 20. Qxc4 h4
21. Qxe6+ Kd8 22. Nf3 Qg4 23. Ne5 Qg7 24. Nxc6#
1-0

[Event "Slow standard chess tournament"]
[Site "SchemingMind.com"]
[Date "2010.01.03"]
[Round "-"]
[White "Scooter"]
[Black "Manuel Angel"]
[Result "0-1"]
[WhiteCountry "USA"]
[BlackCountry "ESP"]
[WhiteElo "1717"]
[WhiteRD "60"]
[BlackElo "2102"]
[BlackRD "80"]
[GameID "232892"]

1. d4 Nf6 2. Bf4 c5 3. c3 Qb6 4. b3 cxd4 5. cxd4 Qb4+ 6. Qd2 Nc6 7. e3 Ne4 8. Qxb4 Nxb4 9. f3 g5 10. fxe4 gxf4
11. Kd2 fxe3+ 12. Kc3 Nc6 13. Bb5 e5 14. Bxc6 exd4+ 15. Kxd4 dxc6 16. Kxe3 Bg7
0-1

[Event "Slow standard chess tournament"]
[Site "SchemingMind.com"]
[Date "2009.12.29"]
[Round "-"]
[White "Scooter"]
[Black "Eden"]
[Result "1-0"]
[WhiteCountry "USA"]
[BlackCountry "CZE"]
[WhiteElo "1717"]
[WhiteRD "60"]
[BlackElo "1448"]
[BlackRD "72"]
[GameID "232893"]

1. d4 e6 2. Bf4 Nc6 3. e3 g5 4. Bg3 d5 5. Bb5 Bd7 6. Nf3 Bg7 7. O-O h5 8. h3 h4 9. Bh2 f5 10. Bxc6 bxc6
11. Be5 Bxe5 12. Nxe5 Rb8 13. b3 Qf6 14. Nd2 c5 15. Nxd7 Kxd7 16. dxc5 Rb5 17. Nf3 Rxc5 18. c4 c6 19. cxd5 cxd5 20. Qe2 a5
21. Qa6 Ne7 22. Qa7+ Kd6 23. Nd4 f4 24. Qb6+ Rc6 25. Nxc6 Nxc6 26. Rac1 Rc8 27. Rc2 Kd7 28. Rfc1 e5 29. Rc5 Qd6 30. Rd1 Ne7
31. Rxc8 Nxc8 32. Qb7+ Qc7 33. Rxd5+ Nd6 34. Qxc7+ Kxc7 35. Rxe5 Kc6 36. Rxg5
1-0

[Event "Slow standard chess tournament"]
[Site "SchemingMind.com"]
[Date "2009.12.31"]
[Round "-"]
[White "Scooter"]
[Black "NAZRIZ1977"]
[Result "0-1"]
[WhiteCountry "USA"]
[BlackCountry "WLS"]
[WhiteElo "1717"]
[WhiteRD "60"]
[BlackElo "1936"]
[BlackRD "96"]
[GameID "232894"]

1. d4 d5 2. Nf3 Nf6 3. Bf4 c5 4. c3 Nc6 5. e3 Qb6 6. Qb3 c4 7. Qxb6 axb6 8. Nbd2 b5 9. Be2 b4 10. O-O e6
11. Ne5 Be7 12. Rfe1 O-O 13. Nxc6 bxc6 14. Bg5 Ba6 15. Bxf6 gxf6 16. e4 Rfb8 17. Rab1 Bb5 18. Ra1 Ra5 19. cxb4 Bxb4 20. Red1 Rba8
21. a3 c3 22. Bxb5 cxb5 23. Nb3 cxb2 24. Ra2 Rxa3 25. Rxb2 dxe4 26. Nc5 Bxc5 27. dxc5 Rc3 28. Rxb5 Rc8 29. g3 R3xc5 30. Rxc5 Rxc5
31. Kg2 Rc2 32. Re1 f5 33. Kf1 Kg7 34. Re2 Rxe2 35. Kxe2 Kg6 36. Ke3 e5 37. h4 Kh5 38. f3 exf3 39. Kxf3 h6
0-1

[Event "Slow standard chess tournament"]
[Site "SchemingMind.com"]
[Date "2009.12.29"]
[Round "-"]
[White "startstek"]
[Black "Scooter"]
[Result "1-0"]
[WhiteCountry "ALG"]
[BlackCountry "USA"]
[WhiteElo "2021"]
[WhiteRD "78"]
[BlackElo "1767"]
[BlackRD "61"]
[GameID "232896"]

1. e4 c6 2. d4 d5 3. Nd2 dxe4 4. Nxe4 Bf5 5. Ng3 Bg6 6. h4 h6 7. Nf3 Nf6 8. Ne5 Bh7 9. Bd3 Bxd3 10. Qxd3 e6
11. Bd2 Bd6 12. f4 Qb6 13. O-O-O Nbd7 14. Nxd7 Nxd7 15. Ne4 Qc7 16. Nxd6+ Qxd6 17. Kb1 O-O-O 18. Rhe1 Nf6 19. Be3 Nh5 20. Qd2 Ng3
21. Bf2 Nf5 22. g4 Ne7 23. c4 g6 24. Qe3 Qb4 25. Rc1 a5 26. d5 Rd6 27. Qa7 Kc7 28. Bc5
1-0

[Event "Slow standard chess tournament"]
[Site "SchemingMind.com"]
[Date "2009.12.29"]
[Round "-"]
[White "lame wolf"]
[Black "Scooter"]
[Result "0-1"]
[WhiteCountry "INT"]
[BlackCountry "USA"]
[WhiteElo "1055"]
[WhiteRD "45"]
[BlackElo "1641"]
[BlackRD "66"]
[GameID "232897"]

1. d4 d5 2. g3 Nf6 3. Bg2 Bf5 4. Nc3 e6 5. Bg5 Be7 6. Bxf6 Bxf6 7. e4 dxe4 8. f3 exf3 9. Nxf3 Bg4 10. O-O Bxf3
11. Bxf3 Bxd4+ 12. Kg2 c6 13. Qe2 Bxc3 14. bxc3 O-O 15. Rfd1 Qe7 16. Rab1 Na6 17. Rd3 Nc5 18. Rdd1 Rfd8 19. Rxd8+ Rxd8 20. Rd1 Rxd1
21. Qxd1 Qd7 22. Qxd7 Nxd7 23. h4 Ne5 24. g4 Nxf3 25. Kxf3 f6 26. g5 Kf7 27. Kf4 Kg6 28. c4 e5+ 29. Ke4 Kh5
0-1

[Event "Slow standard chess tournament"]
[Site "SchemingMind.com"]
[Date "2009.12.29"]
[Round "-"]
[White "tiggeronvrb"]
[Black "Scooter"]
[Result "0-1"]
[WhiteCountry "SCO"]
[BlackCountry "USA"]
[WhiteElo "1799"]
[WhiteRD "74"]
[BlackElo "1717"]
[BlackRD "60"]
[GameID "232898"]

1. e4 c6 2. Nf3 d5 3. Nc3 Bg4 4. h3 Bxf3 5. Qxf3 Nf6 6. e5 Nfd7 7. d4 e6 8. Bd3 Bb4 9. O-O Bxc3 10. bxc3 Nb6
11. Qg3 g6 12. a4 N8d7 13. Ba3 Nxa4 14. c4 dxc4 15. Bxc4 Nab6 16. Bd3 Nd5 17. c4 N5b6 18. Rfd1 Nc8 19. Be4 Ne7 20. f4 Nf5
21. Qb3 Qb6 22. Qd3 O-O-O 23. Rdb1 Qxd4+ 24. Qxd4 Nxd4 25. Bd6 a6 26. Kf2 Nf5 27. Bb4 Nb6 28. Ba5 Nxc4 29. Bxd8 Nd2 30. Bxf5 Nxb1
31. Bxb1 Rxd8 32. Ke2 Kc7 33. g4 c5 34. Bd3 Rd4 35. Ke3 Kb6 36. Rb1+ Rb4 37. Rxb4+ cxb4 38. f5 Kc5 39. h4 Kd5 40. fxg6 fxg6
41. Kf4 a5 42. h5 gxh5 43. gxh5 h6
0-1

[Event "Slow standard chess tournament"]
[Site "SchemingMind.com"]
[Date "2010.01.03"]
[Round "-"]
[White "sentinel"]
[Black "Scooter"]
[Result "0-1"]
[WhiteCountry "AUS"]
[BlackCountry "USA"]
[WhiteElo "1406"]
[WhiteRD "98"]
[BlackElo "1741"]
[BlackRD "55"]
[GameID "232899"]

1. e4 c6 2. Bd3 d5 3. exd5 cxd5 4. Nf3 Bg4 5. b3 e5 6. Bb5+ Nd7 7. Bxd7+ Qxd7 8. Qe2 e4 9. h3 Bxf3 10. gxf3 Nf6
11. d3 Bb4+ 12. c3 Rc8 13. Bd2 Ba5 14. Rg1 g6 15. fxe4 O-O 16. b4 Bb6 17. Rg5 dxe4 18. dxe4 Nxe4 19. Qxe4 Rfe8 20. Re5 Rxe5
21. Qxe5 Re8 22. Bf4 Rxe5+ 23. Bxe5 Qe6 24. f4 f6 25. f5 Qxe5+ 26. Kd2 Qe3+ 27. Kc2 Qe2+ 28. Nd2 Be3 29. Rd1 Bxd2 30. Rxd2 Qe4+
31. Kc1 Qxf5 32. Rd8+ Kg7 33. Rd2 Qxh3 34. Rc2 Kf7 35. c4 Qa3+ 36. Rb2 Qxb2+ 37. Kxb2 h5 38. c5 h4 39. b5 Ke6 40. c6 bxc6
41. bxc6 Kd6
0-1

[Event "Slow standard chess tournament"]
[Site "SchemingMind.com"]
[Date "2010.01.03"]
[Round "-"]
[White "Manuel Angel"]
[Black "Scooter"]
[Result "1-0"]
[WhiteCountry "ESP"]
[BlackCountry "USA"]
[WhiteElo "2157"]
[WhiteRD "84"]
[BlackElo "1756"]
[BlackRD "58"]
[GameID "232900"]

1. e4 c6 2. d4 d5 3. Nc3 dxe4 4. Nxe4 Bf5 5. Ng3 Bg6 6. h4 h6 7. Nf3 Nf6 8. h5 Bh7 9. Bd3 Bxd3 10. Qxd3 Nbd7
11. Bd2 e6 12. O-O-O Bd6 13. Kb1 Bxg3 14. fxg3 O-O 15. Rh4 Qc7 16. g4 c5 17. g5 hxg5 18. Bxg5 c4 19. Qe2 c3 20. h6 Qb6
21. b3 Qd6 22. hxg7 Kxg7 23. Qe1 Nd5 24. Rh7+ Kxh7 25. Qh4+
1-0

[Event "Slow standard chess tournament"]
[Site "SchemingMind.com"]
[Date "2009.12.29"]
[Round "-"]
[White "Eden"]
[Black "Scooter"]
[Result "0-1"]
[WhiteCountry "CZE"]
[BlackCountry "USA"]
[WhiteElo "1448"]
[WhiteRD "72"]
[BlackElo "1717"]
[BlackRD "60"]
[GameID "232901"]

1. e4 c6 2. Qf3 d5 3. d3 dxe4 4. dxe4 g6 5. Bc4 Nf6 6. Nc3 Nbd7 7. Bg5 Bg7 8. O-O-O Qa5 9. h4 Ne5 10. Qe2 Nxc4
11. Qxc4 Be6 12. Qa4 Qxa4 13. Nxa4 Nxe4 14. Be3 O-O 15. Ne2 Rfd8 16. f3 Nd6 17. h5 b6 18. Nac3 Nc4 19. Bf4 Be5 20. Bg5 Bf6
21. Bxf6 exf6 22. g4 Ne3 23. Rd4 Rxd4 24. Nxd4 c5 25. Nxe6 fxe6 26. hxg6 hxg6 27. Re1 Nd5 28. Rxe6 Nxc3 29. bxc3 Kf7 30. Rc6 Ke7
31. a4 Rd8 32. a5 Rd6 33. Rc7+ Ke6 34. Rxa7 bxa5 35. Rxa5 Ke5 36. Rxc5+ Kf4 37. c4 Kxf3 38. g5 f5 39. Rd5 Rc6 40. c5 Kg4
41. Kd2 Kxg5 42. Kd3 Kg4 43. Kc4 g5 44. Kb5 Rc8 45. c6 f4 46. Kb6 f3 47. c7 f2 48. Rd1 Kf3 49. Kb7 Rxc7+ 50. Kxc7 Ke2
51. Rh1 f1=Q 52. Rxf1 Kxf1 53. c4 g4
0-1

[Event "Slow standard chess tournament"]
[Site "SchemingMind.com"]
[Date "2009.12.31"]
[Round "-"]
[White "NAZRIZ1977"]
[Black "Scooter"]
[Result "1-0"]
[WhiteCountry "WLS"]
[BlackCountry "USA"]
[WhiteElo "1936"]
[WhiteRD "96"]
[BlackElo "1717"]
[BlackRD "60"]
[GameID "232902"]

1. c4 c6 2. g3 d5 3. Bg2 Bf5 4. Nf3 Nf6 5. cxd5 cxd5 6. Qb3 b6 7. Nc3 e6 8. d3 Be7 9. Bf4 O-O 10. O-O Bd6
11. Bg5 Nbd7 12. Nd4 Bg6 13. e4 h6 14. Bh4 Be7 15. Nc6 Qe8 16. Nb5 Nc5 17. Nxe7+ Qxe7 18. Qa3 a6 19. Nc3 Qb7 20. Bxf6 gxf6
21. exd5 Bxd3 22. dxe6 Qa7 23. exf7+ Kxf7 24. Rfd1 Rad8 25. Bd5+ Kg7 26. b4 Bc2 27. bxc5 Bxd1 28. cxb6 Qxb6 29. Rxd1 Rd7 30. Re1 Qd6
31. Qxd6 Rxd6 32. Bb3 Rfd8 33. Re7+ Kf8 34. Rf7+ Ke8 35. Ne4
1-0

[Event "Slow standard chess tournament"]
[Site "SchemingMind.com"]
[Date "2010.01.04"]
[Round "-"]
[White "lontjr"]
[Black "startstek"]
[Result "0-1"]
[WhiteCountry "USA"]
[BlackCountry "ALG"]
[WhiteElo "1508"]
[WhiteRD "85"]
[BlackElo "1946"]
[BlackRD "87"]
[GameID "232994"]

1. e4 e5 2. Nf3 Nc6 3. d4 exd4 4. Bc4 Nf6 5. e5 d5 6. Bb5 Ne4 7. Nxd4 Bd7 8. Bxc6 bxc6 9. O-O Bc5 10. Nc3 O-O
0-1

[Event "Slow standard chess tournament"]
[Site "SchemingMind.com"]
[Date "2009.12.30"]
[Round "-"]
[White "lontjr"]
[Black "lame wolf"]
[Result "1-0"]
[WhiteCountry "USA"]
[BlackCountry "INT"]
[WhiteElo "1567"]
[WhiteRD "91"]
[BlackElo "1052"]
[BlackRD "44"]
[GameID "232995"]

1. e4 c5 2. Nc3 b6 3. Nf3 Bb7 4. Bc4 d6 5. O-O g6 6. Bxf7+ Kxf7 7. Ng5+ Ke8 8. Ne6 Qd7 9. Nd5 Na6 10. Nxf8 Kxf8
11. b4 Bxd5 12. exd5 e6 13. Qg4 Ke7 14. d4 cxb4 15. Bg5+ Nf6 16. dxe6 Qc6 17. Rfe1 h6 18. Bxf6+ Kxf6 19. Qf4+
1-0

[Event "Slow standard chess tournament"]
[Site "SchemingMind.com"]
[Date "2009.12.30"]
[Round "-"]
[White "lontjr"]
[Black "tiggeronvrb"]
[Result "0-1"]
[WhiteCountry "USA"]
[BlackCountry "SCO"]
[WhiteElo "1508"]
[WhiteRD "85"]
[BlackElo "1811"]
[BlackRD "71"]
[GameID "232996"]

1. e4 c5 2. Nc3 Nc6 3. f4 g6 4. Nf3 Bg7 5. Bb5 a6 6. Bxc6 bxc6 7. O-O Nf6 8. e5 Nd5 9. Nxd5 cxd5 10. d4 c4
11. Bd2 O-O 12. Qe1 d6 13. Ba5 Qd7 14. Ng5 dxe5 15. fxe5 Qg4 16. Nf3 Rb8 17. b3 cxb3 18. cxb3 Qf4 19. Bd2 Qg4 20. Rc1 Bd7
21. h3 Qe6 22. Ng5 Qb6 23. Qh4 h6 24. Nf3 g5 25. Qf2 Bb5 26. Rfe1 e6 27. Bb4 Rfc8 28. Rxc8+ Rxc8 29. Bc5 Qb7 30. Rc1 Bf8
31. a4 Bd3 32. h4 g4 33. Ne1 Qxb3
0-1

[Event "Slow standard chess tournament"]
[Site "SchemingMind.com"]
[Date "2010.01.04"]
[Round "-"]
[White "lontjr"]
[Black "sentinel"]
[Result "0-1"]
[WhiteCountry "USA"]
[BlackCountry "AUS"]
[WhiteElo "1508"]
[WhiteRD "85"]
[BlackElo "1407"]
[BlackRD "93"]
[GameID "232997"]

1. e4 e5 2. Nf3 d6 3. d4 Be7 4. dxe5 Be6 5. Bf4 dxe5 6. Qxd8+ Bxd8 7. Nxe5 Bf6 8. Nc3 Nc6 9. Bb5 Ne7 10. Nxc6 bxc6
11. Ba4 Rb8 12. O-O-O O-O 13. Bxc7 Rb4 14. Bxc6 Nxc6 15. Bd6 Be7 16. Bxb4 Nxb4 17. Kb1 a5 18. Rd4 Bc5 19. Rd2 Nc6 20. f3 Bb4
21. Rd3 Ne5 22. Re3 Rd8 23. a3 Nc4 24. axb4 Nxe3
0-1

[Event "Slow standard chess tournament"]
[Site "SchemingMind.com"]
[Date "2010.01.04"]
[Round "-"]
[White "lontjr"]
[Black "Manuel Angel"]
[Result "0-1"]
[WhiteCountry "USA"]
[BlackCountry "ESP"]
[WhiteElo "1508"]
[WhiteRD "85"]
[BlackElo "2157"]
[BlackRD "84"]
[GameID "232998"]

1. e4 e5 2. Nf3 Nc6 3. d4 exd4 4. Bc4 Bc5 5. c3 Nf6 6. cxd4 Bb4+ 7. Bd2 Nxe4 8. Bxb4 Nxb4 9. Bxf7+ Kxf7 10. Qb3+ d5
11. Qxb4 Rf8 12. Nc3 Kg8 13. Nxe4 dxe4 14. Ne5 Be6 15. O-O Qd6 16. Qxb7 Bd5 17. Qb5 Rab8
0-1

[Event "Slow standard chess tournament"]
[Site "SchemingMind.com"]
[Date "2009.12.30"]
[Round "-"]
[White "lontjr"]
[Black "Scooter"]
[Result "1-0"]
[WhiteCountry "USA"]
[BlackCountry "USA"]
[WhiteElo "1589"]
[WhiteRD "89"]
[BlackElo "1741"]
[BlackRD "55"]
[GameID "233000"]

1. e4 c6 2. d4 d5 3. exd5 cxd5 4. Bd3 Nf6 5. Nf3 Bg4 6. h3 Bxf3 7. Qxf3 e6 8. O-O Nbd7 9. Nd2 Bd6 10. Nb3 O-O
11. Bg5 h6 12. Bh4 Rc8 13. c3 Be7 14. g4 a6 15. Qg2 b5 16. f4 Nh7 17. g5 hxg5 18. Bxh7+ Kxh7 19. fxg5 g6 20. Rf3 f5
21. Nd2 Kg7 22. Re3 Rh8 23. Bf2 Bxg5 24. Rxe6 Bxd2 25. Qxg6+ Kf8 26. Qxf5+
1-0

[Event "Slow standard chess tournament"]
[Site "SchemingMind.com"]
[Date "2009.12.30"]
[Round "-"]
[White "lontjr"]
[Black "NAZRIZ1977"]
[Result "0-1"]
[WhiteCountry "USA"]
[BlackCountry "WLS"]
[WhiteElo "1589"]
[WhiteRD "89"]
[BlackElo "1905"]
[BlackRD "72"]
[GameID "233001"]

1. e4 c6 2. d4 d5 3. exd5 cxd5 4. Bd3 Nc6 5. c3 Qc7 6. Ne2 Bg4 7. f3 Bd7 8. Bf4 e5 9. dxe5 Nxe5 10. Bc2 Bd6
11. Ba4 Bc6 12. O-O Ne7 13. Nd2 O-O 14. a3 N7g6 15. Bxe5 Nxe5 16. Bb3 Rad8 17. Nd4 Nd3 18. Qc2 Bxh2+ 19. Kh1 Nc5 20. Ba2 Bg3
21. Bb1 g6 22. b4 Qf4
0-1

[Event "Slow standard chess tournament"]
[Site "SchemingMind.com"]
[Date "2009.12.30"]
[Round "-"]
[White "lame wolf"]
[Black "lontjr"]
[Result "0-1"]
[WhiteCountry "INT"]
[BlackCountry "USA"]
[WhiteElo "1052"]
[WhiteRD "44"]
[BlackElo "1567"]
[BlackRD "91"]
[GameID "233004"]

1. b4 e5 2. a3 d5 3. Bb2 Bd6 4. d4 e4 5. e3 Nf6 6. c4 dxc4 7. Bxc4 O-O 8. Nd2 a5 9. b5 Nbd7 10. a4 Nb6
11. Ne2 Ng4 12. Nxe4 Nxc4 13. N2c3 Nxb2 14. Qc2 Nc4 15. O-O Bxh2+ 16. Kh1 Qh4 17. g3 Bxg3+
0-1